Niektoré aspekty biosyntézy,degradácie a štiepenia cefalosporínu - C a jeho bočných reťazcov : (2.12.1987 /

Salvato in:
Dettagli Bibliografici
Autore principale: Rolko, Pavel (Autore)
Natura: Manoscritto Libro
Pubblicazione: Bratislava : SVŠT v Bratislave ChtF, 1987
Tags: Aggiungi Tag
Nessun Tag, puoi essere il primo ad aggiungerne!!

MARC

LEADER 00000ntm a22000003a 4500
001 stu20611
005 20150617225749.5
008 ------s1987----cs----------------------d
040 |a STU  |b slo 
041 0
044 |a cs 
080 |a 615.779.93/043.3/  |7 stu_us_auth*stu4830 
100 1 |a Rolko, Pavel  |4 aut 
245 1 |a Niektoré aspekty biosyntézy,degradácie a štiepenia cefalosporínu - C a jeho bočných reťazcov :  |b (2.12.1987 /  |c [aut.]Rolko,Pavel 
260 |a Bratislava :  |b SVŠT v Bratislave ChtF,  |c 1987 
300 |a 152 s :  |b Tab.,grafy,lit 
996 |b CKD47  |c C*KD47  |l CCI  |s A  |a 24  |w stu20611_0001